| 000 | 00473nam a2200205Ia 4500 | ||
|---|---|---|---|
| 008 | 170918s9999 xx 000 0 und d | ||
| 020 | _a9780439887205 | ||
| 050 | _bB845 2005 | ||
| 100 | _aBrett, Jan | ||
| 245 | _aHonney…honey…lion! : | ||
| 245 | _ba story from Africa / | ||
| 245 | _cz | ||
| 260 | _aNew York : | ||
| 260 | _bScholastic, | ||
| 260 | _c2005 | ||
| 300 | _aunpaged : | ||
| 300 | _bcolored illustration ; | ||
| 300 | _c20cm. | ||
| 500 | _a710 | ||
| 999 |
_c342591 _d342591 |
||